000 00846nam a2200265 4500
003 OSt
005 20260423010254.0
006 a
008 240613b |||||||| |||| 00| 0 eng d
020 _a9780230576377
040 _aDWCL-Main lib.
_cOC
082 _aCirc. 616.8914 J83t 2010
100 _aJoseph, Stephen
245 _aTheories of counseling and psychotherapy : an introduction to the different approaches /
260 _aNew York :
_bPalgrave Macmillan,
_cc2010.
300 _axiv,
_b185 p. ;
_c23 cm.
504 _aIncludes index & references.
650 _a1. Psychotherapy–Philosophy.
650 _a2. Counseling–Philosophy.
650 _a3. Psychotherapy–Methods.
650 _a4. Counseling–Methods.
650 _a5. Mental disorders–Therapy.
700 _aStephen Joseph
942 _2ddc
_n0
_cBK-CIRC
_kCirc.
999 _c597
_d597